| 000 | 00687cam a2200265 4500 | ||
|---|---|---|---|
| 001 | B3459 | ||
| 008 | 090401t1991 xxu||||| |||| 00| 0 eng d | ||
| 035 | _a(Sirsi) u56112 | ||
| 041 | _aeng | ||
| 050 | _a332.6324 | ||
| 110 |
_aInvestment Property Databank _92288 |
||
| 245 | _aIPD annual review 1991 | ||
| 260 |
_aLondon _bInvestment Property Databank _c1991 |
||
| 300 | _a1 folded sheet (8p.) ; 30cm. | ||
| 350 | _a22 | ||
| 650 | _aPROPERTY-COMMERCIAL PROPERTY | ||
| 650 | _aINDUSTRIAL PROPERTY | ||
| 650 | _aINSTITUTIONAL INVESTMENT | ||
| 650 | _aOFFICES | ||
| 650 | _aPROPERTY INVESTMENT | ||
| 650 | _aSHOPS | ||
| 650 | _aYIELDS | ||
| 942 | _n0 | ||
| 948 | _c04/03/1997 | ||
| 999 |
_c93721 _d93721 |
||